Modern business law / (Record no. 206013)

MARC details
000 -LEADER
fixed length control field 00680nam a2200229Ia 4500
005 - DATE AND TIME OF LATEST TRANSACTION
control field 20230801152023.0
008 - FIXED-LENGTH DATA ELEMENTS--GENERAL INFORMATION
fixed length control field 210716s2009 xx 000 0 und d
020 ## - INTERNATIONAL STANDARD BOOK NUMBER
International Standard Book Number 9788180522109
040 ## - CATALOGING SOURCE
Transcribing agency AIMIT LIBRARY
041 ## - LANGUAGE CODE
Language code of text/sound track or separate title eng
082 ## - DEWEY DECIMAL CLASSIFICATION NUMBER
Classification number 346.07
Edition number 1
Item number MOSB
100 ## - MAIN ENTRY--PERSONAL NAME
Personal name Moshal, B S.
9 (RLIN) 129006
245 ## - TITLE STATEMENT
Title Modern business law /
Statement of responsibility, etc. By B S Moshal.
250 ## - EDITION STATEMENT
Edition statement 1st ed.
260 ## - PUBLICATION, DISTRIBUTION, ETC.
Place of publication, distribution, etc. New Delhi :
Name of publisher, distributor, etc. Ane Books India ,
Date of publication, distribution, etc. 2009.
300 ## - PHYSICAL DESCRIPTION
Extent xx,387p. ;
Other physical details PB
Dimensions 23.7 cm.
650 ## - SUBJECT ADDED ENTRY--TOPICAL TERM
Topical term or geographic name entry element Business Law
9 (RLIN) 129007
651 ## - SUBJECT ADDED ENTRY--GEOGRAPHIC NAME
Geographic name Offer and acceptancw
9 (RLIN) 129008
651 ## - SUBJECT ADDED ENTRY--GEOGRAPHIC NAME
Geographic name Discharge of contract
9 (RLIN) 129009
651 ## - SUBJECT ADDED ENTRY--GEOGRAPHIC NAME
Geographic name Performance of contract
9 (RLIN) 129010
942 ## - ADDED ENTRY ELEMENTS (KOHA)
Source of classification or shelving scheme Dewey Decimal Classification
Koha item type Book
Edition 1st
Call number prefix 346.07 MOSB
Holdings
Withdrawn status Lost status Source of classification or shelving scheme Damaged status Not for loan Collection code Home library Current library Date acquired Cost, normal purchase price Inventory number Total Checkouts Full call number Barcode Date last seen Cost, replacement price Price effective from Koha item type Date last checked out
    Dewey Decimal Classification   Reference Book MBA St Aloysius Institute of Management & Information Technology St Aloysius Institute of Management & Information Technology 02/02/2010 225.00 Bill no:ABK 438; Bill dt:2009-11   346.07 MOSB MBA07331 07/21/2025 168.75 07/16/2021 Book  
    Dewey Decimal Classification     MBA St Aloysius Institute of Management & Information Technology St Aloysius Institute of Management & Information Technology 12/15/2010 225.00 Bill no:ABK 507; Bill dt:2010-09 2 346.07 MOSB MBA08579 05/23/2026 168.75 07/16/2021 Book 08/13/2022